[Event "Torneo Zonale"]
[Site "Caorle ITA"]
[Date "1972.07.??"]
[Round "12"]
[White "Bellon Lopez, Juan Manuel"]
[Black "Ljubojevic, Ljubomir"]
[WhiteElo "2385"]
[BlackElo "2550"]
[Result "1/2-1/2"]
[PlyCount "61"]
[EventDate "1972.07.02"]

1. b3 e5 2. Bb2 Nc6 3. e3 a6 4. Nf3 e4 5. Nd4 Nf6 6. d3 Bb4+ 7. Nd2 Nxd4 8.
exd4 Qe7 9. Qe2 d5 10. c3 Bd6 11. dxe4 Nxe4 12. f3 Nxd2 13. Qxe7+ Kxe7 14. Kxd2
Bf5 15. Bd3 Kf6 16. Rae1 Rae8 17. Rxe8 Rxe8 18. Bxf5 Kxf5 19. Kd3 h5 20. Bc1 h4
21. Be3 g5 22. h3 Bg3 23. a4 f6 24. Rb1 Ke6 25. Rf1 b6 26. Ra1 Rb8 27. b4 Re8
28. Rb1 Rg8 29. Ra1 f5 30. a5 b5 31. Rf1 1/2-1/2

[Event "Torneo Zonale"]
[Site "Caorle ITA"]
[Date "1972.07.??"]
[Round "12"]
[White "Dunkelblum, Arthur"]
[Black "Forintos, Gyozo Victor"]
[WhiteElo "2240"]
[BlackElo "2495"]
[Result "1-0"]
[PlyCount "134"]
[EventDate "1972.07.02"]

1. d4 Nf6 2. c4 c5 3. Nf3 e6 4. dxc5 Bxc5 5. e3 Na6 6. a3 b6 7. Be2 Bb7 8. O-O
Qe7 9. b4 Bd6 10. Bb2 O-O 11. Nbd2 Bc7 12. Nb3 Rac8 13. Nbd4 Bb8 14. Rc1 Ne4
15. Nb5 f5 16. Be5 d6 17. Bb2 Kh8 18. Ne1 Qg5 19. f4 Qe7 20. Nc3 Nf6 21. Qd2
Nc7 22. Bd3 Nce8 23. Qe2 Ne4 24. Nf3 N8f6 25. Nb1 Rfd8 26. Rc2 Bc6 27. Nd4 Be8
28. Qe1 Bg6 29. Nd2 Qd7 30. Nxe4 fxe4 31. Be2 e5 32. Nb3 Bf7 33. Nd2 Bg6 34.
Qh4 Nd5 35. Bg4 Qe8 36. Bxc8 Nxe3 37. f5 Bf7 38. Nxe4 Rxc8 39. Ng5 Bg8 40. Rfc1
Nxc2 41. Rxc2 a5 42. Qe4 Qc6 43. Qh4 Rf8 44. Qh3 axb4 45. axb4 Qa4 46. Rc1 Qxb4
47. Ba3 Qd2 48. Ne4 Qd4+ 49. Nf2 Bxc4 50. Rd1 Qf4 51. Bxd6 Bxd6 52. Rxd6 Be2
53. Qc3 Qxf5 54. Qe1 Bc4 55. Rxb6 e4 56. Qe3 h6 57. h3 Bb5 58. Rb7 Bc6 59. Rb3
Ra8 60. Rc3 Bb7 61. Rc5 Qg6 62. Rc3 Ra1+ 63. Kh2 Bc6 64. Qg3 Qf6 65. Qe3 Ra2
66. Ng4 Qe6 67. Qc5 Ra6 1-0

[Event "Torneo Zonale"]
[Site "Caorle ITA"]
[Date "1972.07.??"]
[Round "12"]
[White "Pomar Salamanca, Arturo"]
[Black "Eising, Johannes"]
[WhiteElo "2460"]
[BlackElo "2410"]
[Result "1/2-1/2"]
[PlyCount "53"]
[EventDate "1972.07.02"]

1. d4 g6 2. Nf3 Bg7 3. g3 c5 4. d5 d6 5. Bg2 Nf6 6. O-O O-O 7. Nc3 Na6 8. Re1
Rb8 9. e4 Nd7 10. Bf4 Ne5 11. Nxe5 dxe5 12. Bg5 f6 13. Be3 b6 14. Nb5 Rb7 15.
a4 Nc7 16. Qd3 Kh8 17. Red1 a5 18. c3 Nxb5 19. axb5 Qd6 20. Rab1 Rc7 21. b3 Bd7
22. f4 f5 23. c4 Rcc8 24. Rf1 exf4 25. Bxf4 e5 26. Bd2 f4 27. Rbe1 1/2-1/2

[Event "Torneo Zonale"]
[Site "Caorle ITA"]
[Date "1972.07.??"]
[Round "12"]
[White "Pritchett, Craig William"]
[Black "Jansa, Vlastimil"]
[WhiteElo "2340"]
[BlackElo "2480"]
[Result "0-1"]
[PlyCount "43"]
[EventDate "1972.07.02"]

1. e4 c5 2. Nf3 e6 3. d4 cxd4 4. Nxd4 Nc6 5. Nc3 a6 6. Be3 Qc7 7. Bd3 b5 8. Nb3
Nf6 9. f4 d6 10. O-O Be7 11. Qf3 Bb7 12. Rae1 Nb4 13. Nd4 Rc8 14. a3 Nxd3 15.
cxd3 O-O 16. Rc1 Qd7 17. Rc2 g6 18. b4 e5 19. Nb3 exf4 20. Qxf4 Ng4 21. Bd4 Ne5
22. Nc5 0-1

[Event "Torneo Zonale"]
[Site "Caorle ITA"]
[Date "1972.07.??"]
[Round "12"]
[White "Ree, Hans"]
[Black "Bohosjan, Sarkis Stepan"]
[WhiteElo "2480"]
[BlackElo "2425"]
[Result "1-0"]
[PlyCount "62"]
[EventDate "1972.07.02"]

1. c4 e5 2. Nc3 Nf6 3. Nf3 Nc6 4. g3 Bb4 5. Nd5 e4 6. Nh4 d6 7. Nxb4 Nxb4 8. a3
Nc6 9. d3 O-O 10. Bg2 Re8 11. O-O h6 12. dxe4 Nxe4 13. Be3 Qe7 14. b3 a5 15.
Qc2 Nc5 16. Qc3 Qe5 17. Rac1 Bg4 18. Nf3 Qh5 19. Rfd1 Ne4 20. Qb2 Ng5 21. Bxg5
hxg5 22. Rd5 f6 23. h4 Ne5 24. Nxe5 fxe5 25. hxg5 Qxg5 26. c5 Re6 27. cxd6 cxd6
28. Qd2 Qd8 29. Rb5 Re7 30. Rxb7 Rb8 31. Rxb8 Qxb8 1-0

[Event "Torneo Zonale"]
[Site "Caorle ITA"]
[Date "1972.07.??"]
[Round "12"]
[White "Tatai, Stefano"]
[Black "Friedgood, David"]
[WhiteElo "2460"]
[BlackElo "2310"]
[Result "1/2-1/2"]
[PlyCount "82"]
[EventDate "1972.07.02"]

1. e4 g6 2. d4 Bg7 3. Nc3 d6 4. f4 c6 5. Nf3 Bg4 6. Be3 Qb6 7. Qd2 Bxf3 8. gxf3
Nd7 9. O-O-O Qa5 10. Kb1 b5 11. e5 b4 12. Ne4 d5 13. e6 fxe6 14. Ng5 Nf8 15.
Bh3 Nh6 16. Bxe6 Bf6 17. Bh3 Rb8 18. Qd3 Qb5 19. Rhe1 Qxd3 20. Rxd3 Nf5 21. Bf2
h6 22. Ne6 Nxe6 23. Rxe6 Rb6 24. Re2 Kf7 25. Bxf5 gxf5 26. a3 Rg8 27. Be3 a5
28. Ka2 h5 29. Rd1 a4 30. axb4 Rxb4 31. Rg1 Rxg1 32. Bxg1 e6 33. Rd2 Be7 34.
Be3 Rb8 35. Rg2 Rg8 36. Rxg8 Kxg8 37. b3 axb3+ 38. Kxb3 Kf7 39. Ka4 Ke8 40. Ka5
Kd7 41. Kb6 Bd8+ 1/2-1/2

[Event "Torneo Zonale"]
[Site "Caorle ITA"]
[Date "1972.07.??"]
[Round "12"]
[White "Williams, Arthur Howard"]
[Black "Silva, Fernando"]
[WhiteElo "2390"]
[BlackElo "2295"]
[Result "1-0"]
[PlyCount "97"]
[EventDate "1972.07.02"]

1. Nf3 d5 2. g3 e6 3. Bg2 Nf6 4. O-O Be7 5. d3 c5 6. Nbd2 Nc6 7. e4 O-O 8. Re1
Qc7 9. Qe2 dxe4 10. dxe4 e5 11. c3 h6 12. Nc4 Re8 13. Ne3 Be6 14. Nh4 Rad8 15.
Nhf5 Bf8 16. Qf3 Nh7 17. Nd5 Bxd5 18. exd5 Nb8 19. h4 c4 20. d6 Bxd6 21. Qxb7
Qxb7 22. Bxb7 Bc7 23. Be3 Bb6 24. Rad1 Nf6 25. Bf3 Rd3 26. Be2 e4 27. Bxd3 cxd3
28. Bxb6 axb6 29. f3 Nc6 30. Nd6 Ra8 31. Nxe4 Nxe4 32. Rxe4 Rxa2 33. Rd2 Na5
34. Rb4 Nc6 35. Rb5 f6 36. Rxd3 Ne5 37. Re3 Nc4 38. Re2 Kh7 39. Rb4 Ne5 40.
Rxb6 Nxf3+ 41. Kf2 Ne5 42. Rd6 Nc4 43. Rd4 Ne5 44. Kg2 h5 45. c4 Ra4 46. b3 Ra3
47. Rb2 g5 48. c5 g4 49. Ra4 1-0

[Event "Torneo Zonale"]
[Site "Caorle ITA"]
[Date "1972.07.??"]
[Round "12"]
[White "Wirthensohn, Heinz"]
[Black "Ivkov, Borislav"]
[WhiteElo "2315"]
[BlackElo "2520"]
[Result "1/2-1/2"]
[PlyCount "62"]
[EventDate "1972.07.02"]

1. c4 g6 2. e4 Bg7 3. d4 d6 4. Nc3 Nf6 5. Be2 O-O 6. Nf3 Bg4 7. Be3 Nfd7 8. Rc1
e5 9. d5 a5 10. h3 Bxf3 11. Bxf3 f5 12. h4 Na6 13. h5 f4 14. Bd2 Nac5 15. Qe2
Nf6 16. hxg6 hxg6 17. Kf1 Qd7 18. g3 Rae8 19. Kg2 Re7 20. Rcg1 g5 21. g4 Rff7
22. b3 Bf8 23. Bc1 Rh7 24. Ba3 Na6 25. Qd1 Reg7 26. Rxh7 Nxh7 27. Rh1 Be7 28.
Rh6 Nf8 29. Qh1 Rh7 30. Rxh7 Nxh7 31. Qh6 Nf8 1/2-1/2

[Event "Torneo Zonale"]
[Site "Caorle ITA"]
[Date "1972.07.??"]
[Round "13"]
[White "Bohosjan, Sarkis Stepan"]
[Black "Keene, Raymond Dennis"]
[WhiteElo "2425"]
[BlackElo "2435"]
[Result "1/2-1/2"]
[PlyCount "77"]
[EventDate "1972.07.02"]

1. e4 g6 2. d4 d6 3. c3 Bg7 4. f4 Nf6 5. e5 dxe5 6. fxe5 Nd5 7. Nf3 O-O 8. Bc4
c5 9. dxc5 Be6 10. Qe2 Qc7 11. Na3 Qxc5 12. Bd2 Nd7 13. b4 Qc7 14. Nb5 Qb8 15.
Nbd4 Nxe5 16. Nxe6 fxe6 17. O-O Nxc4 18. Qxe6+ Kh8 19. Qxd5 Nxd2 20. Qxd2 Qf4
21. Qxf4 Rxf4 22. Nd4 Rxd4 23. cxd4 Bxd4+ 24. Kh1 Bxa1 25. Rxa1 Rd8 26. Kg1 Kg7
27. Rc1 Rd7 28. Kf2 Kf6 29. Ke3 Kf5 30. Rf1+ Ke6 31. Rc1 Kd5 32. Rc2 e5 33. a3
Kd6 34. Rd2+ Ke6 35. Rc2 h6 36. Rc8 Rd1 37. Re8+ Kf6 38. Rf8+ Ke6 39. Re8+
1/2-1/2

[Event "Torneo Zonale"]
[Site "Caorle ITA"]
[Date "1972.07.??"]
[Round "13"]
[White "Eising, Johannes"]
[Black "Tatai, Stefano"]
[WhiteElo "2410"]
[BlackElo "2460"]
[Result "1-0"]
[PlyCount "97"]
[EventDate "1972.07.02"]

1. g3 g6 2. Bg2 Bg7 3. d4 d5 4. Nf3 Nf6 5. O-O O-O 6. Nbd2 Nc6 7. c3 b6 8. Ne5
Nxe5 9. dxe5 Ng4 10. Nf3 Bb7 11. Qd4 Nh6 12. Bf4 f6 13. exf6 exf6 14. Rad1 Qe7
15. Rfe1 Rad8 16. Qa4 a6 17. c4 g5 18. Bc1 dxc4 19. Qxc4+ Kh8 20. h4 b5 21. Qb3
Rxd1 22. Rxd1 g4 23. Nd4 Bxg2 24. Kxg2 c5 25. Ne6 c4 26. Qe3 Re8 27. Nc5 Qf8
28. Qd4 Nf7 29. Nd7 Qe7 30. Qxg4 Qxe2 31. Qf3 Qxf3+ 32. Kxf3 Rd8 33. Ke2 f5 34.
b4 Ne5 35. Nc5 Re8 36. Be3 Ng4 37. Rd6 Be5 38. Rxa6 Bxg3 39. Re6 Rxe6 40. Nxe6
Nxe3 41. fxg3 Nc2 42. a3 Nxa3 43. Kd2 c3+ 44. Kxc3 Kg8 45. Nd4 Kf7 46. Nxf5 Kf6
47. Ne3 Ke5 48. Kd3 h5 49. g4 1-0

[Event "Torneo Zonale"]
[Site "Caorle ITA"]
[Date "1972.07.??"]
[Round "13"]
[White "Forintos, Gyozo Victor"]
[Black "Pritchett, Craig William"]
[WhiteElo "2495"]
[BlackElo "2340"]
[Result "1-0"]
[PlyCount "85"]
[EventDate "1972.07.02"]

1. g3 c5 2. Bg2 Nc6 3. b3 d5 4. f4 e5 5. fxe5 Nxe5 6. Bb2 Ng6 7. e3 Nf6 8. Qf3
Be7 9. Ne2 Bg4 10. Qf2 O-O 11. Nbc3 d4 12. exd4 cxd4 13. Qxd4 Qxd4 14. Nxd4 Bc5
15. Na4 Rae8+ 16. Kf1 b6 17. Nxc5 bxc5 18. Nf3 Re6 19. Re1 Rfe8 20. Bxf6 Bxf3
21. Rxe6 Rxe6 22. Bxf3 Rxf6 23. Kg2 Nf8 24. Re1 Rd6 25. d3 g6 26. Re8 Kg7 27.
Ra8 Rd7 28. Rc8 Ne6 29. a3 f5 30. b4 cxb4 31. axb4 Rc7 32. Rxc7+ Nxc7 33. Bc6
Kf6 34. Kf3 Ke5 35. Ke3 Kd6 36. Bb7 Ne6 37. d4 Nd8 38. Bg2 Ne6 39. c4 Nd8 40.
Bd5 g5 41. Bg8 h6 42. c5+ Kc6 43. Bc4 1-0

[Event "Torneo Zonale"]
[Site "Caorle ITA"]
[Date "1972.07.??"]
[Round "13"]
[White "Friedgood, David"]
[Black "Bellon Lopez, Juan Manuel"]
[WhiteElo "2310"]
[BlackElo "2385"]
[Result "1/2-1/2"]
[PlyCount "94"]
[EventDate "1972.07.02"]

1. e4 c5 2. Nf3 Nc6 3. d4 cxd4 4. Nxd4 g6 5. c4 Bg7 6. Nc2 Nf6 7. Nc3 O-O 8.
Be2 b6 9. O-O Bb7 10. Bg5 Rc8 11. f3 d6 12. Qd2 Qd7 13. Rac1 Ne8 14. Bh6 Bxh6
15. Qxh6 f5 16. exf5 Qxf5 17. Qe3 Ng7 18. Bd3 Qe5 19. Be4 Nf5 20. Bd5+ Qxd5 21.
cxd5 Nxe3 22. dxc6 Ba6 23. Nxe3 Bxf1 24. Kxf1 Rxc6 25. Rd1 e6 26. Rd4 d5 27.
Ke2 a6 28. Kd3 b5 29. Ng4 Rb8 30. Ne5 Rc7 31. Rf4 Kg7 32. Ne2 g5 33. Rd4 h5 34.
f4 Kf6 35. Nf3 gxf4 36. Rxf4+ Ke7 37. Rh4 Rg8 38. g3 Rgc8 39. Rxh5 Rc2 40. Ned4
Rxb2 41. Re5 Rxa2 42. Rxe6+ Kf8 43. Rb6 Ra3+ 44. Kd2 Rc4 45. Rb7 Ra2+ 46. Kd3
Ra3+ 47. Kd2 Ra2+ 1/2-1/2

[Event "Torneo Zonale"]
[Site "Caorle ITA"]
[Date "1972.07.??"]
[Round "13"]
[White "Ivkov, Borislav"]
[Black "Dunkelblum, Arthur"]
[WhiteElo "2520"]
[BlackElo "2240"]
[Result "1-0"]
[PlyCount "47"]
[EventDate "1972.07.02"]

1. c4 Nf6 2. Nc3 c5 3. g3 d5 4. cxd5 Nxd5 5. Bg2 Nc7 6. d3 e5 7. Nf3 f6 8. Nd2
Qd7 9. O-O Be7 10. Nc4 Nc6 11. Qa4 Nd8 12. Qxd7+ Kxd7 13. Be3 Nc6 14. Rac1 Na6
15. Nd5 Nd4 16. Bxd4 exd4 17. Rfe1 Rb8 18. e3 dxe3 19. Rxe3 Bd8 20. Rce1 Nb4
21. Bh3+ Kc6 22. Re6+ Bxe6 23. Rxe6+ Kd7 24. Rxf6+ 1-0

[Event "Torneo Zonale"]
[Site "Caorle ITA"]
[Date "1972.07.??"]
[Round "13"]
[White "Jansa, Vlastimil"]
[Black "Ree, Hans"]
[WhiteElo "2480"]
[BlackElo "2480"]
[Result "1/2-1/2"]
[PlyCount "43"]
[EventDate "1972.07.02"]

1. e4 e5 2. Nf3 Nc6 3. Bb5 a6 4. Ba4 Nf6 5. O-O Be7 6. Re1 b5 7. Bb3 d6 8. c3
O-O 9. h3 Nb8 10. d4 Nbd7 11. Nbd2 Bb7 12. Bc2 Re8 13. Nf1 Bf8 14. Ng3 g6 15.
a4 c5 16. d5 Nb6 17. b3 bxa4 18. bxa4 a5 19. Be3 Ba6 20. Nd2 Qc7 21. Qf3 Bg7
22. Bg5 1/2-1/2

[Event "Torneo Zonale"]
[Site "Caorle ITA"]
[Date "1972.07.??"]
[Round "13"]
[White "Ljubojevic, Ljubomir"]
[Black "Wirthensohn, Heinz"]
[WhiteElo "2550"]
[BlackElo "2315"]
[Result "1/2-1/2"]
[PlyCount "31"]
[EventDate "1972.07.02"]

1. e4 c5 2. Nf3 d6 3. Nc3 e5 4. Bc4 Nc6 5. d3 Be7 6. Ng5 Bxg5 7. Qh5 Be7 8.
Qxf7+ Kd7 9. Be6+ Kc7 10. Nd5+ Kb8 11. Bxc8 Kxc8 12. Qxg7 Bf6 13. Qf7 Qd7 14.
Qf8+ Qd8 15. Qf7 Qd7 16. Qf8+ 1/2-1/2

[Event "Torneo Zonale"]
[Site "Caorle ITA"]
[Date "1972.07.??"]
[Round "13"]
[White "Silva, Fernando"]
[Black "Pomar Salamanca, Arturo"]
[WhiteElo "2295"]
[BlackElo "2460"]
[Result "1/2-1/2"]
[PlyCount "50"]
[EventDate "1972.07.02"]

1. e4 c5 2. Nf3 d6 3. d4 Nf6 4. Nc3 cxd4 5. Nxd4 Nc6 6. Bc4 e6 7. Be3 Be7 8.
Qe2 Bd7 9. Bb3 Rc8 10. O-O-O Na5 11. Ndb5 Nxb3+ 12. cxb3 Qa5 13. Kb1 Nxe4 14.
Nxe4 Bxb5 15. Qg4 Qc7 16. Nc3 Bf6 17. Bd4 Bc6 18. Bxf6 gxf6 19. Rhe1 Kf8 20.
Qf4 Ke7 21. g4 Rhg8 22. h4 Rg6 23. g5 fxg5 24. hxg5 Rcg8 25. Qh4 Qa5 1/2-1/2

[Event "Torneo Zonale"]
[Site "Caorle ITA"]
[Date "1972.07.??"]
[Round "14"]
[White "Bellon Lopez, Juan Manuel"]
[Black "Eising, Johannes"]
[WhiteElo "2385"]
[BlackElo "2410"]
[Result "0-1"]
[PlyCount "144"]
[EventDate "1972.07.02"]

1. b3 e5 2. Bb2 d6 3. g3 c5 4. Bg2 Nc6 5. e3 g6 6. Ne2 Bg7 7. c4 Nge7 8. a3 Be6
9. Nf4 Bf5 10. h4 h5 11. d3 Rb8 12. Nd5 b5 13. cxb5 Rxb5 14. Nbc3 Rb8 15. O-O
O-O 16. Nxe7+ Nxe7 17. b4 cxb4 18. axb4 Rxb4 19. Qd2 Qd7 20. Nd5 Rb3 21. Bc3
Rc8 22. Rfb1 Rxb1+ 23. Rxb1 Nxd5 24. Bxd5 Be6 25. Rb7 Rc7 26. Rb8+ Kh7 27. Bg2
Bh3 28. Bd5 Be6 29. Bg2 d5 30. Qb2 Qd6 31. Rb5 a6 32. Rb6 Qc5 33. Bd2 Rc6 34.
Rxc6 Qxc6 35. Bc3 Qb5 36. Qa1 Qxd3 37. Bf1 Qe4 38. Bg2 Qc2 39. Bxe5 Bxe5 40.
Qxe5 a5 41. e4 Qe2 42. Qa1 Qd2 43. exd5 Bxd5 44. Bxd5 Qxd5 45. Qa4 Qd2 46. Kf1
Kg7 47. Qa1+ Kg8 48. Qa4 Kf8 49. Qa1 Qd3+ 50. Ke1 Qe4+ 51. Kd2 Qb4+ 52. Kc2
Qc5+ 53. Kb3 Qb4+ 54. Kc2 Qc4+ 55. Kd2 a4 56. Qa3+ Ke8 57. Qe3+ Kd7 58. f3 Qa2+
59. Kc1 Qa1+ 60. Kc2 a3 61. Qd2+ Ke6 62. Kb3 Qe5 63. Qf2 Qd6 64. Ka2 Kf6 65.
Qg2 Qd3 66. Qf2 Qc3 67. Qe2 Qe5 68. Qf2 Qd6 69. Kb3 Qd3+ 70. Ka2 Ke5 71. Qe1+
Kd4 72. Qg1+ Kd5 0-1

[Event "Torneo Zonale"]
[Site "Caorle ITA"]
[Date "1972.07.??"]
[Round "14"]
[White "Dunkelblum, Arthur"]
[Black "Ljubojevic, Ljubomir"]
[WhiteElo "2240"]
[BlackElo "2550"]
[Result "1/2-1/2"]
[PlyCount "53"]
[EventDate "1972.07.02"]

1. d4 g6 2. g3 Bg7 3. Bg2 d6 4. Nf3 c5 5. O-O cxd4 6. Nxd4 Nf6 7. c4 O-O 8. Nc3
Qa5 9. e3 Nbd7 10. Bd2 Qd8 11. Rc1 Ne5 12. Qe2 Bg4 13. f3 Bd7 14. b3 a6 15. Rc2
Rb8 16. h3 Nc6 17. Nxc6 Bxc6 18. e4 b5 19. Rfc1 e6 20. cxb5 axb5 21. Nd1 Ba8
22. Bb4 Nh5 23. Be1 b4 24. Kh2 Re8 25. Nb2 f5 26. Nd3 fxe4 27. fxe4 1/2-1/2

[Event "Torneo Zonale"]
[Site "Caorle ITA"]
[Date "1972.07.??"]
[Round "14"]
[White "Keene, Raymond Dennis"]
[Black "Jansa, Vlastimil"]
[WhiteElo "2435"]
[BlackElo "2480"]
[Result "1/2-1/2"]
[PlyCount "43"]
[EventDate "1972.07.02"]

1. g3 g6 2. Bg2 Bg7 3. c4 e5 4. Nc3 d6 5. d3 Ne7 6. Nf3 O-O 7. O-O f5 8. Qc2 c5
9. a3 Nbc6 10. Rb1 a5 11. Bg5 Bd7 12. Nd5 h6 13. Nxe7+ Nxe7 14. Bd2 b5 15. cxb5
Bxb5 16. Nxe5 Bxe5 17. Bxh6 Bg7 18. Qd2 Rf7 19. Bxa8 Qxa8 20. Rfd1 Bxh6 21.
Qxh6 Qd8 22. Rbc1 1/2-1/2

[Event "Torneo Zonale"]
[Site "Caorle ITA"]
[Date "1972.07.??"]
[Round "14"]
[White "Pritchett, Craig William"]
[Black "Ivkov, Borislav"]
[WhiteElo "2340"]
[BlackElo "2520"]
[Result "0-1"]
[PlyCount "60"]
[EventDate "1972.07.02"]

1. e4 e6 2. d4 d5 3. Nc3 Bb4 4. e5 c5 5. a3 Bxc3+ 6. bxc3 Ne7 7. Nf3 Qa5 8. Bd2
Nbc6 9. a4 Bd7 10. Be2 c4 11. O-O f6 12. Re1 f5 13. Qc1 Nd8 14. Qa3 h6 15. h4
g6 16. Reb1 Bc6 17. Qb4 Qc7 18. a5 Nf7 19. Bc1 Rg8 20. Ba3 g5 21. hxg5 hxg5 22.
g3 Ng6 23. Qc5 g4 24. Nd2 Ng5 25. f4 gxf3 26. Bxf3 a6 27. Bg2 f4 28. Nxc4 dxc4
29. Rb6 f3 30. Rab1 Rc8 0-1

[Event "Torneo Zonale"]
[Site "Caorle ITA"]
[Date "1972.07.??"]
[Round "14"]
[White "Ree, Hans"]
[Black "Forintos, Gyozo Victor"]
[WhiteElo "2480"]
[BlackElo "2495"]
[Result "1/2-1/2"]
[PlyCount "197"]
[EventDate "1972.07.02"]

1. c4 Nf6 2. Nf3 g6 3. g3 c5 4. Bg2 Nc6 5. Nc3 Bg7 6. d4 O-O 7. O-O d6 8. dxc5
dxc5 9. Bf4 Be6 10. Qa4 Nh5 11. Be3 Qa5 12. Qxa5 Nxa5 13. Bxc5 Bxc4 14. Nd2 Ba6
15. Bxe7 Rfe8 16. Nd5 Nc6 17. Bg5 Re5 18. Be3 Rd8 19. g4 Bxe2 20. gxh5 Bxf1 21.
Kxf1 Rexd5 22. Bxd5 Rxd5 23. hxg6 hxg6 24. Rb1 a6 25. Nf3 Nb4 26. Bd2 Nd3 27.
b3 Ne5 28. Nxe5 Rxd2 29. Nc4 Rxa2 30. Rd1 b5 31. Rd8+ Kh7 32. Nd6 Rb2 33. Ra8
Bd4 34. Ne4 Rxb3 35. Rxa6 Kg7 36. h4 b4 37. Rd6 Be5 38. Rd5 Bf4 39. Ke2 Rb1 40.
Rb5 Bc7 41. Rb7 Ba5 42. Ng5 b3 43. Kd3 Bc7 44. Nxf7 Kf6 45. Ng5 Kf5 46. Rb5+
Kg4 47. Ne4 Bf4 48. Nc3 Rb2 49. Kc4 Rxf2 50. Rxb3 Kxh4 51. Ne4 Re2 52. Kd4 Re1
53. Rb7 Rd1+ 54. Kc4 Rd8 55. Rh7+ Kg4 56. Nf6+ Kf5 57. Nd5 Ke4 58. Nf6+ Kf5 59.
Nd5 Bd6 60. Rf7+ Kg5 61. Kd4 Re8 62. Kd3 Bc5 63. Rc7 Ba3 64. Ra7 Bd6 65. Ra1
Be5 66. Rg1+ Kh6 67. Rh1+ Kg7 68. Ke4 Bd6+ 69. Kf3 Rf8+ 70. Kg2 Rb8 71. Re1 Rb5
72. Rd1 Rb3 73. Ne3 Bf4 74. Nf1 g5 75. Ra1 Kg6 76. Ra2 Kh5 77. Rc2 Kh4 78. Ra2
Rb4 79. Re2 Bb8 80. Nh2 Kh5 81. Ra2 Re4 82. Nf1 Rg4+ 83. Kf3 Be5 84. Re2 Bc7
85. Rc2 Rf4+ 86. Kg2 Rf7 87. Ng3+ Kg4 88. Rc4+ Bf4 89. Ne2 Ra7 90. Nxf4 gxf4
91. Rc3 Ra2+ 92. Kf1 Kf5 93. Rb3 Rd2 94. Ra3 Rd4 95. Kf2 Ke4 96. Rb3 Ra4 97.
Rc3 Ra2+ 98. Kf1 Kd4 99. Rb3 1/2-1/2

[Event "Torneo Zonale"]
[Site "Caorle ITA"]
[Date "1972.07.??"]
[Round "14"]
[White "Tatai, Stefano"]
[Black "Silva, Fernando"]
[WhiteElo "2460"]
[BlackElo "2295"]
[Result "1/2-1/2"]
[PlyCount "96"]
[EventDate "1972.07.02"]

1. e4 c5 2. Nf3 Nc6 3. d4 cxd4 4. Nxd4 g6 5. c4 Nf6 6. Nc3 d6 7. Be2 Nxd4 8.
Qxd4 Bg7 9. O-O O-O 10. Qe3 Nd7 11. b3 Nc5 12. Bb2 Bd7 13. Rad1 Bc6 14. Rd2 b6
15. f4 Qc8 16. b4 Nxe4 17. Nxe4 Bxb2 18. Nxd6 exd6 19. Rxb2 d5 20. f5 Re8 21.
Qh6 Re5 22. Bd3 Qf8 23. Qf4 Qe8 24. Rbf2 Rd8 25. cxd5 Bxd5 26. Bb5 Rxf5 27.
Qxf5 Qxb5 28. Qg5 Rf8 29. Rf5 h6 30. Qg3 Qc4 31. a3 Qe4 32. R5f4 Qc2 33. R4f2
Qc6 34. Qd3 h5 35. Re1 Be6 36. Qf3 Qxf3 37. Rxf3 Rc8 38. Rfe3 Kg7 39. h4 Rc4
40. Re4 Rc2 41. R1e2 Rc1+ 42. Kf2 Ra1 43. R4e3 a5 44. Rd2 axb4 45. axb4 Rb1 46.
Rd4 b5 47. Re1 Rb3 48. Re3 Rb2+ 1/2-1/2

[Event "Torneo Zonale"]
[Site "Caorle ITA"]
[Date "1972.07.??"]
[Round "14"]
[White "Williams, Arthur Howard"]
[Black "Pomar Salamanca, Arturo"]
[WhiteElo "2390"]
[BlackElo "2460"]
[Result "1/2-1/2"]
[PlyCount "34"]
[EventDate "1972.07.02"]

1. e4 c6 2. c4 d5 3. exd5 cxd5 4. cxd5 Nf6 5. Nc3 Nxd5 6. Nf3 Nc6 7. d4 e6 8.
Bc4 Be7 9. O-O O-O 10. Re1 a6 11. a3 b5 12. Ba2 Nxc3 13. bxc3 Bb7 14. Qd3 Rc8
15. Bb1 g6 16. Bh6 Re8 17. Qd2 Bf8 1/2-1/2

[Event "Torneo Zonale"]
[Site "Caorle ITA"]
[Date "1972.07.??"]
[Round "14"]
[White "Wirthensohn, Heinz"]
[Black "Friedgood, David"]
[WhiteElo "2315"]
[BlackElo "2310"]
[Result "0-1"]
[PlyCount "62"]
[EventDate "1972.07.02"]

1. c4 e5 2. Nc3 Nc6 3. Nf3 Nf6 4. g3 Bc5 5. Nxe5 Bxf2+ 6. Kxf2 Nxe5 7. e4 c5 8.
d3 d6 9. h3 O-O 10. Bg2 Nfd7 11. Rf1 Nc6 12. Be3 Nde5 13. a3 a6 14. Qd2 b5 15.
cxb5 axb5 16. Nxb5 Ba6 17. a4 Rb8 18. Kg1 Bxb5 19. axb5 Rxb5 20. d4 Nc4 21. Qe2
Nxe3 22. Qxb5 Nxd4 23. Qa6 Nxf1 24. Rxf1 Qe7 25. b4 cxb4 26. Qc4 Qa7 27. Kh2
Qc5 28. Qd3 b3 29. Qd2 Rb8 30. Rc1 b2 31. Rb1 Qc2 0-1

[Event "Torneo Zonale"]
[Site "Caorle ITA"]
[Date "1972.07.??"]
[Round "15"]
[White "Bohosjan, Sarkis Stepan"]
[Black "Williams, Arthur Howard"]
[WhiteElo "2425"]
[BlackElo "2390"]
[Result "1/2-1/2"]
[PlyCount "67"]
[EventDate "1972.07.02"]

1. e4 g6 2. Nc3 Bg7 3. f4 d6 4. Nf3 c5 5. Bc4 Nc6 6. O-O Nf6 7. d3 e6 8. f5 O-O
9. fxe6 fxe6 10. Qe1 d5 11. Bb3 Na5 12. e5 Ng4 13. Bg5 Qc7 14. Qh4 Nxb3 15. Nb5
Qb6 16. axb3 c4+ 17. d4 Qxb5 18. Qxg4 cxb3 19. cxb3 Bd7 20. Qh4 Qxb3 21. Rae1
Rf5 22. Re3 Qxb2 23. Bf6 Rf8 24. g4 Rf4 25. Qg5 Re4 26. Bxg7 Kxg7 27. Nd2 Rxf1+
28. Nxf1 Rxe3 29. Qe7+ Kh6 30. Nxe3 Qxd4 31. Qf8+ Kg5 32. Qf6+ Kh6 33. Qf8+ Kg5
34. Qf6+ 1/2-1/2

[Event "Torneo Zonale"]
[Site "Caorle ITA"]
[Date "1972.07.??"]
[Round "15"]
[White "Eising, Johannes"]
[Black "Wirthensohn, Heinz"]
[WhiteElo "2410"]
[BlackElo "2315"]
[Result "1/2-1/2"]
[PlyCount "93"]
[EventDate "1972.07.02"]

1. g3 Nf6 2. Bg2 d5 3. d3 e5 4. Nf3 Nc6 5. O-O Be7 6. c3 a5 7. a4 O-O 8. Qc2 h6
9. e4 Re8 10. Re1 Bf8 11. Na3 Be6 12. Nb5 dxe4 13. dxe4 Nd7 14. Be3 Nc5 15.
Rad1 Qe7 16. Nd2 Rad8 17. Bf1 Rd7 18. Nc4 Red8 19. Rxd7 Rxd7 20. Bxc5 Qxc5 21.
Ne3 Nb8 22. Na3 c6 23. Bc4 Bxc4 24. Naxc4 Be7 25. Qe2 Bg5 26. Nf1 Rd8 27. h4
Bf6 28. Nfe3 Nd7 29. Rd1 Nb6 30. Rxd8+ Bxd8 31. Qd3 Nxc4 32. Nxc4 Bb6 33. Ne3
Qe7 34. Ng4 Qc5 35. Qe2 Bc7 36. h5 Bb6 37. Kg2 Kh7 38. Ne3 Qe7 39. Nc4 Qc5 40.
Kf1 Kg8 41. Ne3 Qe7 42. Nf5 Qg5 43. Kg2 Kh7 44. Qd1 Bc5 45. Qe2 Qf6 46. Qd2 Qe6
47. Qe2 1/2-1/2

[Event "Torneo Zonale"]
[Site "Caorle ITA"]
[Date "1972.07.??"]
[Round "15"]
[White "Forintos, Gyozo Victor"]
[Black "Keene, Raymond Dennis"]
[WhiteElo "2495"]
[BlackElo "2435"]
[Result "1-0"]
[PlyCount "83"]
[EventDate "1972.07.02"]

1. d4 g6 2. c4 Bg7 3. Nc3 d6 4. e4 Nf6 5. Nge2 e5 6. d5 c5 7. Ng3 h5 8. h4 Nh7
9. Nge2 Na6 10. Be3 Nc7 11. a3 O-O 12. Nc1 Nf6 13. Bg5 Qe8 14. Be2 Ng4 15. f3
Nh6 16. Qd2 Kh7 17. b4 b6 18. Nd3 f5 19. g3 Ba6 20. Nf2 Qd7 21. b5 Bc8 22. Nh3
a6 23. a4 axb5 24. cxb5 fxe4 25. fxe4 Ng4 26. O-O-O Bb7 27. Kb2 Ne8 28. Kb3
Nef6 29. Rdf1 Ng8 30. Be3 Nxe3 31. Ng5+ Kh8 32. Qxe3 Bh6 33. g4 Rxf1 34. Rxf1
hxg4 35. Qg3 Rf8 36. Rxf8 Bxf8 37. Bxg4 Qe7 38. Nd1 Bh6 39. Be6 Nf6 40. Nf7+
Kh7 41. Nxh6 Kxh6 42. Qg5+ 1-0

[Event "Torneo Zonale"]
[Site "Caorle ITA"]
[Date "1972.07.??"]
[Round "15"]
[White "Friedgood, David"]
[Black "Dunkelblum, Arthur"]
[WhiteElo "2310"]
[BlackElo "2240"]
[Result "1/2-1/2"]
[PlyCount "42"]
[EventDate "1972.07.02"]

1. Nf3 Nf6 2. c4 c6 3. g3 g6 4. b3 Bg7 5. Bb2 O-O 6. Bg2 d5 7. O-O Re8 8. d3
Nbd7 9. Nbd2 b6 10. Qc2 Bb7 11. Rac1 Rc8 12. Qb1 e5 13. e3 c5 14. cxd5 Nxd5 15.
Nc4 Qe7 16. e4 Nb4 17. Ne3 f6 18. a3 Nc6 19. Nd5 Qe6 20. b4 Bh6 21. Rc2 Ne7
1/2-1/2

[Event "Torneo Zonale"]
[Site "Caorle ITA"]
[Date "1972.07.??"]
[Round "15"]
[White "Ivkov, Borislav"]
[Black "Ree, Hans"]
[WhiteElo "2520"]
[BlackElo "2480"]
[Result "1/2-1/2"]
[PlyCount "32"]
[EventDate "1972.07.02"]

1. Nf3 c5 2. c4 g6 3. d4 cxd4 4. Nxd4 Nc6 5. e4 Nf6 6. Nc3 Nxd4 7. Qxd4 d6 8.
Be3 Bg7 9. f3 O-O 10. Qd2 Qa5 11. Rc1 Be6 12. b3 Rfc8 13. Be2 a6 14. Nd5 Qxd2+
15. Kxd2 Nxd5 16. cxd5 Bd7 1/2-1/2